FIFA U17 World Cup Top 4 - Statistics

General Stats
  • This quiz has been taken 174 times
  • The average score is 59 of 72
Answer Stats
First % Correct
Brazil
96%
Brazil
96%
Brazil
96%
Brazil
96%
Brazil
96%
Brazil
96%
Brazil
96%
Brazil
96%
Brazil
96%
England
96%
Spain
96%
Spain
96%
Spain
96%
Spain
96%
Spain
96%
Spain
96%
West Germany
96%
Argentina
95%
Argentina
95%
Argentina
95%
Argentina
95%
Argentina
95%
France
95%
France
95%
United States of America
95%
Germany
94%
Germany
94%
Germany
94%
Mexico
90%
Mexico
90%
Mexico
90%
Mexico
90%
Mexico
90%
Nigeria
88%
Nigeria
88%
Nigeria
88%
Nigeria
88%
Nigeria
88%
Nigeria
88%
Nigeria
88%
Nigeria
88%
Portugal
88%
Italy
87%
Netherlands
86%
Netherlands
86%
Belgium
85%
Uruguay
85%
Colombia
82%
Colombia
82%
Sweden
82%
Poland
76%
Chile
75%
Australia
74%
Ghana
74%
Ghana
74%
Ghana
74%
Ghana
74%
Ghana
74%
Ghana
74%
Soviet Union
71%
Switzerland
68%
Turkey
68%
Cote d'Ivoire
57%
Scotland
55%
Saudi Arabia
49%
Mali
47%
Mali
47%
Qatar
35%
Guinea
29%
Burkina Faso
24%
Oman
22%
Bahrain
20%
No matching quizzes found
Score Distribution
Percent of People with Each Score
Percentile by Number Answered
Your Score History
You have not taken this quiz